Padrô constitucional das autonomias portuguesas

Detalles Bibliográficos
Autor principal: Ourique, Arnaldo
Formato: eBook
Lenguaje:portugués
Publicado: Barcelona: Editorial vLex, 2015
Materias:
Acceso en línea:Acceso restringido

MARC

LEADER 00000nam a22000007a 4500
005 20150512224830.0
007 cr|||| ||||
008 150512s2015 pt |||||s|||| 00||0 por d
035 |a 12674 
040 |a vLex 
090 |c 5411  |d 5411 
100 1 |a Ourique, Arnaldo 
245 1 0 |a Padrô constitucional das autonomias portuguesas  |h [Recurso electrn̤ico] /  |c Arnaldo Ourique 
256 |a Servicio en ln̕ea 
260 |a Barcelona:  |b Editorial vLex,  |c 2015 
300 |a 1 recurso electrn̤ico 
506 1 |a Disponible solo en los productos indicados  |d vLex Global  |d vLex Global (Academic Edition, excluding Law Schools)  |d vLex Global (U.S. Academic Edition, Law Schools)  |d vLex Global (U.S. Academic Edition, excluding Law Schools)  |d vLex Global (Academic Edition, Law Schools) 
650 0 4 |a Derecho Pb︢lico y Administrativo  |z Portugal 
740 0 |a vLex Libros (Servicio en ln̕ea) 
856 4 0 |u http://vlex.com/source/padr-o-constitucional-autonomias-portuguesas-12674  |z Acceso restringido 
942 |c BOOK 
999 0 |a Public and Administrative Law